Appealing to common sense. (Record no. 60711)
[ view plain ]
| 000 -LEADER | |
|---|---|
| fixed length control field | 00701cam a2200157 4500 |
| 001 - CONTROL NUMBER | |
| control field | ABS61025 |
| 008 - FIXED-LENGTH DATA ELEMENTS--GENERAL INFORMATION | |
| fixed length control field | 000000n1999 000 0 eng u |
| 035 ## - SYSTEM CONTROL NUMBER | |
| System control number | (Sirsi) u101579 |
| 100 ## - MAIN ENTRY--PERSONAL NAME | |
| Personal name | Sherwill, R. |
| 245 ## - TITLE STATEMENT | |
| Title | Appealing to common sense. |
| 260 ## - PUBLICATION, DISTRIBUTION, ETC. | |
| Date of publication, distribution, etc. | 1999 |
| 490 ## - SERIES STATEMENT | |
| Series statement | Estates Gazette |
| Volume/sequential designation | (9927) 10 July 1999, 116-117(2) |
| 520 ## - SUMMARY, ETC. | |
| Summary, etc. | Discusses government proposals for an overhaul of the rating appeal process. Proposed changes include setting out in advance when appeals will be considered by the VO, an amendment to protect ratepayers if the VO backdates an alteration and the introduction of three options for backdating ratepayers' appeals. |
| 690 ## - LOCAL SUBJECT ADDED ENTRY--TOPICAL TERM (OCLC, RLIN) | |
| Topical term or geographic name as entry element | RATING AND VALUATION |
| 942 ## - ADDED ENTRY ELEMENTS (KOHA) | |
| Suppress in OPAC | 0 |
| Withdrawn status | Lost status | Source of classification or shelving scheme | Damaged status | Not for loan | Home library | Current library | Shelving location | Date acquired | Total Checkouts | Full call number | Barcode | Date last seen | Copy number | Price effective from | Koha item type |
|---|---|---|---|---|---|---|---|---|---|---|---|---|---|---|---|
| Dewey Decimal Classification | London | London | Journal article | 05/11/1999 | ABS61025 | 101579-1001 | 06/08/2019 | 1 | 06/08/2019 | Journal article |